লোক সাহিত্যে ফরিদপুর / (Record no. 54651)
[ view plain ]
| 000 -LEADER | |
|---|---|
| fixed length control field | 00993nam a2200229 a 4500 |
| 001 - CONTROL NUMBER | |
| control field | 54651 |
| 003 - CONTROL NUMBER IDENTIFIER | |
| rucl marc code | BD-RjUL |
| 005 - DATE AND TIME OF LATEST TRANSACTION | |
| control field | 20211209080141.0 |
| 008 - FIXED-LENGTH DATA ELEMENTS--GENERAL INFORMATION | |
| fixed length control field | 101108s1978 bg ||||| |||| 00| 0 ben d |
| 035 ## - SYSTEM CONTROL NUMBER | |
| System control number | (BD-RjUL)54773 |
| 040 ## - CATALOGING SOURCE | |
| Original cataloging agency | BD-RjUL |
| Language of cataloging | ben |
| Transcribing agency | BD-RjUL |
| Modifying agency | BD-RjUL |
| 041 ## - LANGUAGE CODE | |
| Language code of text/sound track or separate title | ben |
| 082 ## - DEWEY DECIMAL CLASSIFICATION NUMBER | |
| Classification number | 398.20954922 |
| Author mark and year | REL 1978 |
| Edition number | 23 |
| 100 ## - MAIN ENTRY--PERSONAL NAME | |
| Personal name | রেজা, মাসুদ |
| 9 (RLIN) | 117523 |
| 245 10 - TITLE STATEMENT | |
| Title | লোক সাহিত্যে ফরিদপুর / |
| Statement of responsibility, etc. | মাসুদ রেজা, সম্পাদনা : জি, এম হালিম |
| 260 ## - PUBLICATION, DISTRIBUTION, ETC. (IMPRINT) | |
| Place of publication, distribution, etc. | ফরিদপুর : |
| Name of publisher, distributor, etc. | শিল্পকলা পরিষদ, |
| Date of publication, distribution, etc. | ১৯৭৮. |
| 300 ## - PHYSICAL DESCRIPTION | |
| Pagination | [১।২], ১০০ পৃ. ; |
| Size | ২২ সেমি. |
| 650 ## - SUBJECT ADDED ENTRY--TOPICAL TERM | |
| Topical term or geographic name as entry element | লোকসাহিত্য |
| Geographic subdivision | ঢাকা বিভাগ (বাংলাদেশ) |
| 9 (RLIN) | 117524 |
| Topical term or geographic name as entry element | Folk literature |
| Geographic subdivision | Dhaka District (Bangladesh) |
| 9 (RLIN) | 117525 |
| 700 ## - ADDED ENTRY--PERSONAL NAME | |
| Personal name | হালিম, জি, এম |
| Fuller form of name | সম্পাদনা |
| 942 ## - ADDED ENTRY ELEMENTS (KOHA) | |
| Source of classification or shelving scheme | Dewey Decimal Classification |
| Koha item type | Books |
| Lost status | Source of classification or shelving scheme | Damaged status | Not for loan | Collection code | Permanent Location | Current Location | Shelving location | Date acquired | Source of acquisition | Cost, normal purchase price | Total Checkouts | Full call number | Date last seen | Date checked out | Copy number | Koha item type |
|---|---|---|---|---|---|---|---|---|---|---|---|---|---|---|---|---|
| Dewey Decimal Classification | Non-fiction | Central Library, University of Rajshahi | Central Library, University of Rajshahi | 20/03/1980 | Neyamot book, Rajshahi. | 12.50 | 1 | B 398.20954922 REL 1978 | 02/02/2023 | 01/02/2023 | C-2 | Books | ||||
| Dewey Decimal Classification | Not For Loan | Non-fiction | Central Library, University of Rajshahi | Central Library, University of Rajshahi | Reading Room | 20/03/1980 | Neyamot book, Rajshahi. | 12.00 | B 398.20954922 REL 1978 | 22/12/2016 | C-1 | Books |